Implementace multimediálního výukového programu ve výuce jazyka
Problematika implementácie multimediálneho výučbového programu, ktorý bol vytvorený pre študentov odborného hospodárskeho jazyka na katedre nemeckého jazyka Vysokej školy ekonomickej v Prahe. Projekt bol zahájený v januári 2016 a po roku bola uskutočnená jeho evaluácia. Príspevok sa venuje teoretick...
Saved in:
| Main Author: | |
|---|---|
| Format: | Book Chapter |
| Language: | Czech |
| Subjects: | |
| Tags: |
No Tags, Be the first to tag this record!
|
MARC
| LEADER | 00000nla a2200000 4500 | ||
|---|---|---|---|
| 001 | 0240916 | ||
| 005 | 20240417075132.6 | ||
| 041 | 0 | |a cze | |
| 044 | |a CZ | ||
| 245 | 1 | 0 | |a Implementace multimediálního výukového programu ve výuce jazyka |c Ivana Musilová |
| 520 | |a Problematika implementácie multimediálneho výučbového programu, ktorý bol vytvorený pre študentov odborného hospodárskeho jazyka na katedre nemeckého jazyka Vysokej školy ekonomickej v Prahe. Projekt bol zahájený v januári 2016 a po roku bola uskutočnená jeho evaluácia. Príspevok sa venuje teoretickým aspektom evaluácie ako aj získaným poznatkom. Študijný program bol študentami hodnotený pozitívne. | ||
| 610 | 2 | 0 | |a vzdelávanie elektronické |
| 610 | 2 | 0 | |a vzdelávanie vysokoškolské |
| 610 | 2 | 0 | |a jazyky cudzie |
| 610 | 2 | 0 | |a študenti |
| 610 | 2 | 0 | |a vedomosti |
| 610 | 2 | 0 | |a školy vysoké odborné |
| 610 | 2 | 0 | |a Česko |
| 100 | 1 | |a Musilová, Ivana | |